Wolf Vostell
Saved in:
| Hovedforfatter: | |
|---|---|
| Format: | Bog |
| Sprog: | spansk |
| Udgivet: |
Madrid
Narea
2000
|
| Serier: | Arte Hoy, 6
|
| Fag: | |
| Tags: |
Tilføj Tag
Ingen Tags, Vær først til at tagge denne postø!
|
MARC
| LEADER | 00000nam a2200000 a 4500 | ||
|---|---|---|---|
| 001 | UCK9881 | ||
| 003 | CL-VaPUC | ||
| 008 | 060609e20000000SP |||||||||||||||||spa|d | ||
| 020 | |a 848956938X | ||
| 082 | 0 | 4 | |a 730.92 |b LOZ |2 21 |
| 100 | |a Lozano Bartolozzi, María del Mar |e autora |9 499758 | ||
| 245 | 1 | 0 | |a Wolf Vostell |
| 300 | |a 119 p | ||
| 942 | |c BK | ||
| 945 | |d 20060609 00:00:00 |a jtorresc | ||
| 260 | |a Madrid |b Narea |c 2000 | ||
| 600 | 0 | 7 | |a YOSTELL, WOLFE |2 CL-VaPUC |9 499759 |
| 650 | 0 | |a Biografías |9 255210 | |
| 583 | |a last modification |c 20060609 00:00:00 |k Rodrigo Vera | ||
| 490 | 0 | |a Arte Hoy, 6 | |
| 999 | |c 316882 |d 316880 | ||
| 952 | |0 0 |1 0 |4 0 |6 730_920000000000000_LOZ_2000 |7 0 |8 R |9 392426 |a BIBART |b BIBART |d 2019-11-22 |i 4236343 |o 730.92 LOZ 2000 |p 4236343 |r 2025-03-13 |w 2019-11-22 |y BK_R |k ART | ||